000 00548nam a2200205Ia 4500
003 GCL
008 140319s9999 xx 000 0 eng d
040 _aGCL /
_cGCL
082 0 4 _a658.15
_bM B
100 1 _aPETTY,J.W.
245 1 0 _aBASIC FINANCIAL MANAGEMENT, 5th ED /
_cPETTY,J.W.
700 1 _aMARTIN, JOHN D.
700 1 _aKEOWN, ARTHUR J.
260 _a[S.N] :
_bPRENTICE- HELL INTERNATIONAL, INC. ،
_c1991
300 _a952 P
650 0 4 _aMANAGEMENT
650 0 4 _aFINANCIAL MANAGEMENT
650 0 4 _aINVESTMENTS
942 _2ddc
_cBK
999 _c16731
_d16731